How many pro soccer players can you name? - Statistics

General Stats
  • This quiz has been taken 2,545 times
  • The average score is 12 of 50
Answer Stats
Team Answer % Correct
Manchester United Ronaldo
87%
Icon Ronaldo
87%
PSG Messi
73%
Dortmund Haaland
59%
PSG Neymar jr
59%
PSG Mbappé
58%
Liverpool Salah
57%
Icon Pelé
42%
Manchester United Bruno Fernandes
38%
Manchester City De Bruyne
38%
FC Bayern Lewandowski
35%
Icon Maradona
35%
Liverpool Van Dijk
35%
Liverpool Mané
33%
Real Madrid Benzema
32%
Dortmund Bellingham
29%
Real Madrid Modric
28%
FC Bayern Müller
28%
Milan Zlatan Ibrahimovic
27%
Atlético De Madrid Suarez
24%
Dortmund Reus
23%
Arsenal Saka
22%
Chelsea Silva
22%
Icon Zidane
21%
Manchester United Pogba
20%
Manchester City Grealish
19%
Icon Beckham
17%
Manchester City Sterling
16%
Manchester City Jesus
15%
Milan Brahim Dias
14%
FC Bayern Kimmich
14%
Real Madrid Bale
13%
PSG Di Maria
13%
Chelsea Lukaku
11%
Atlético De Madrid Oblak
11%
FC Barcelona Ter Stegen
11%
Atlético De Madrid Félix
10%
Aston Villa Watkins
8%
Arsenal Aubameyang
6%
FC Barcelona Ferrán Torres
6%
Icon Gullit
6%
Chelsea Werner
5%
Liverpool Allison Becker
4%
Arsenal Ødegård
4%
Aston Villa McGinn
3%
Aston Villa Mings
3%
Icon Ronaldhinio
2%
Milan Kjær
1%
Icon Okocha
1%
Icon Solskjær
0%
No matching quizzes found
Score Distribution
Percent of People with Each Score
Percentile by Number Answered
Your Score History
You have not taken this quiz